Vaszy Viktor vezényli a Hunyadit
Elmentve itt :
| Szerző: | |
|---|---|
| Dokumentumtípus: | Cikk |
| Megjelent: |
1978-07-16
|
| Sorozat: | Délmagyarország
68 No. 166 |
| Kulcsszavak: | Szabadtéri Játékok |
| Online Access: | http://dmarchiv.bibl.u-szeged.hu/123052 |
| LEADER | 00469nab a2200157 i 4500 | ||
|---|---|---|---|
| 001 | delm123052 | ||
| 005 | 20190517092133.0 | ||
| 008 | 190517s1978 hu o 0|| hun d | ||
| 040 | |a SZTE Délmagyarország Archívum |b hun | ||
| 041 | |a hun | ||
| 100 | 1 | |a Nikolényi István | |
| 245 | 1 | 0 | |a Vaszy Viktor vezényli a Hunyadit |h [elektronikus dokumentum] / |c Nikolényi István |
| 260 | |c 1978-07-16 | ||
| 300 | |a 4 | ||
| 490 | 0 | |a Délmagyarország |v 68 No. 166 | |
| 695 | |a Szabadtéri Játékok | ||